Export Ready — 

Medieval Treasures of Toledo Cathedral : Artworks, Relics, Texts, and Textiles /

With Medieval Treasures of Toledo Cathedral: Artworks, Relics, Texts, and Textiles , the Treasury Project continues exploring how treasuries accommodated the evolving interests of their holders across the Middle Ages. Following up on The Medieval Iberian Treasury in the Context of Cultural Interchan...

Full description

Saved in:

Other Authors: Martin, Therese (Editor)

Format: eBook

Language: English

Published: Leiden ; Boston : Brill, 2026.

Series: Art and Material Culture in Medieval and Renaissance Europe ; 28.
Late Antiquity and Medieval Studies E-Books Online, Collection 2025.

Subjects:

Online Access: Login to view Source

Tags: Add Tag

No Tags, Be the first to tag this record!

Call Number: N5305

LEADER 04386nam a22005058i 4500
001 BRILL9789004747425
003 nllekb
005 20260324115023.0
006 m d
007 cr un uuuua
008 251031s2026 gw sb 001 0 eng d
020 |a 9789004747425  |q (electronic book) 
020 |z 9789004724723  |q (print) 
024 7 |a 10.1163/9789004747425  |2 DOI 
040 |a NL-LeKB  |c NL-LeKB  |e rda 
041 |a eng 
050 4 |a N5305 
072 7 |a HB  |2 bicssc 
072 7 |a HIS  |x 0000000  |2 bisacsh 
082 0 4 |a 709  |2 23 
245 0 0 |a Medieval Treasures of Toledo Cathedral :  |b Artworks, Relics, Texts, and Textiles /  |c edited by Therese Martin. 
246 3 |a Artworks, Relics, Texts, and Textiles 
264 1 |a Leiden ;  |a Boston :  |b Brill,  |c 2026. 
264 4 |c ©2026 
300 |a 1 online resource (736 pages) :  |b illustrations. 
336 |a text  |b txt  |2 rdacontent 
337 |a computer  |b c  |2 rdamedia 
338 |a online resource  |2 rdacarrier 
490 1 |a Art and Material Culture in Medieval and Renaissance Europe ;  |v 28 
490 1 |a Late Antiquity and Medieval Studies E-Books Online, Collection 2025 
504 |a Includes bibliographical references and index. 
505 0 |t Contents -- Acknowledgments -- List of Figures, Graphs and Tables -- Notes on Contributors -- 1 Art/Historical Puzzles in the Treasury of Toledo Cathedral -- Therese Martin -- Part 1 Written Sources-What Inventories Tell Us about Treasures -- 2 A Holy Asset: the Treasure of Toledo Cathedral, 1086-1330 -- Francisco J. Hernández -- 3 Ordering Objects: Storing and Recording in Toledo Cathedral, c.1340-c.1540 -- Tom Nickson -- Part 2 Material Sources-What Treasures Tell Us about Cathedrals -- 4 Louis's Bible and Alfonso's Cantigas: Royal Manuscripts in Dialogue -- Shannon L. Wearing -- 5 A Sensory Spectacle: Limoges Caskets at Toledo Cathedral -- Jitske Jasperse -- 6 Lost and Found: Medieval Ivories from the Mediterranean to Toledo Cathedral ... and Beyond -- Silvia Armando -- 7 A Leap of Faith: Isaac Caro's " Tefillin Case" and the Quest for Sephardic Material Culture -- Julie A. Harris -- 8 Medieval Textiles from Toledo Cathedral: New Readings from the Long Life of the Collection -- Ana Cabrera Lafuente -- 9 Reconsidering the "Medieval" Treasury: Absence and Early Modern Transformation in Iberian Cathedrals -- María Judith Feliciano -- 10 X-Ray Fluorescence Analysis of Medieval Treasured Artworks, Coins, and Textiles -- Xosé-Lois Armada and Ignacio Montero-Ruiz -- Index of People -- Index of Places -- Index of Subjects. 
520 |a With Medieval Treasures of Toledo Cathedral: Artworks, Relics, Texts, and Textiles , the Treasury Project continues exploring how treasuries accommodated the evolving interests of their holders across the Middle Ages. Following up on The Medieval Iberian Treasury in the Context of Cultural Interchange, Expanded Edition (Brill, 2020), this volume focuses on a selection of the precious objects and multiple inventories of Toledo Cathedral (12th-16th centuries). Methodologies from art history, material culture, history, and archaeology are drawn upon, analyzing inventories together with textiles, metalworks, enamels, rock crystals, ivories, and illuminated manuscripts. Artifacts act as evidence alongside archival sources, while technical analyses make crucial contributions to the story that long-lived objects can tell us about their origins, functions, changing meanings, and reuse in medieval Iberia. Contributors are Xosé-Lois Armada, Silvia Armando, Ana Cabrera Lafuente, María Judith Feliciano, Julie A. Harris, Francisco J. Hernández, Jitske Jasperse, Therese Martin, Ignacio Montero-Ruiz, Tom Nickson, and Shannon L. Wearing. 
546 |a English 
588 |a Description based on print version record. 
650 0 |a Archaeology. 
650 0 |a Art History. 
650 0 |a Material Studies. 
650 0 |a Museum Studies. 
700 1 |a Martin, Therese,  |e editor. 
776 0 8 |i Print version:  |t Medieval Treasures of Toledo Cathedral : Artworks, Relics, Texts, and Textiles.  |d Leiden ; Boston : Brill, 2026.  |z 9789004724723  |w (OCoLC)1527867466 
830 0 |a Art and Material Culture in Medieval and Renaissance Europe ;  |v 28. 
830 0 |a Late Antiquity and Medieval Studies E-Books Online, Collection 2025. 
856 4 |z DOI:   |u http://dx.doi.org/10.1163/9789004747425 
999 |c 61945  |d 61945